Homonymický slovník
Guardado en:
| Autor principal: | |
|---|---|
| Formato: | Libro |
| Lenguaje: | eslovaco |
| Publicado: |
Bratislava :
SAMO-AAMM,
1997
|
| Etiquetas: |
Sin Etiquetas, Sea el primero en etiquetar este registro!
|
MARC
| LEADER | 00000nam a22000003a 4500 | ||
|---|---|---|---|
| 001 | stu49603 | ||
| 005 | 20150617225709.1 | ||
| 008 | 990507s1997------------------------slo-d | ||
| 020 | |a 80-967524-2-1 | ||
| 040 | |a STU |b slo | ||
| 041 | 0 | |a slo | |
| 100 | 1 | |a Ivanová-Šalingová, Mária |4 aut | |
| 245 | 1 | |a Homonymický slovník | |
| 260 | |a Bratislava : |b SAMO-AAMM, |c 1997 | ||
| 300 | |a 213 s | ||
| 996 | |b 284AU03038 |c A*3299 U |l AAKNST |s P |a 0 |w stu49603_0001 | ||